| 000 | 00000nam 2200000za 4500 |
| 001 | 9.840814 |
| 003 | CaOODSP |
| 005 | 20221107151932 |
| 007 | cr ||||||||||| |
| 008 | 170801s2007 onc |o f|0| 0 eng d |
| 040 | |aCaOODSP|beng |
| 043 | |an-cn--- |
| 086 | 1 |aCS11-617/2007-9E-PDF |
| 245 | 00|aMethodology for the processing and imputation of corporations data T2 |h[electronic resource] / |cby Jessica Andrews ... [et al.]. |
| 260 | |a[Ottawa] : |bStatistics Canada, |c2007. |
| 300 | |aiii, 27 p. |
| 490 | 1 |aWorking paper ; |v2007-9 |
| 500 | |aDigitized edition from print [produced by Statistics Canada]. |
| 500 | |a"BSMD-2007-009E." |
| 500 | |a"November 2007." |
| 504 | |aIncludes bibliographic references. |
| 520 | 3 |a"This report describes the methodology used to process and impute T2 data and the method for estimating the variance due to historical imputation"--Abstract. |
| 692 | 07|2gccst|aStatistical analysis |
| 692 | 07|2gccst|aMethodology |
| 692 | 07|2gccst|aCorporations |
| 700 | 1 |aAndrews, Jessica. |
| 710 | 1 |aCanada. |bStatistics Canada. |bMethodology Branch. |
| 830 | #0|aWorking paper (Statistics Canada. Methodology Branch)|v2007-9|w(CaOODSP)9.834763 |
| 856 | 40|qPDF|s2.97 MB|uhttps://publications.gc.ca/collections/collection_2017/statcan/11-613/CS11-617-2007-9-eng.pdf |
| 986 | |a11-617E no. 2007-009 |